000
00223nam a22000857a 4500
999
_c
518590
_d
518590
082
_a
K12055x54 In2/IPos/2020
245
_a
Civil list of Indian Postal Service
260
_a
New Delhi
_b
Department of Posts
_c
2020
300
_a
40p.